| 000 | 01158cam a2200301 a 4500 | ||
|---|---|---|---|
| 999 |
_c23655 _d23655 |
||
| 001 | 1124806 | ||
| 003 | OSt | ||
| 005 | 20170127084414.0 | ||
| 008 | 940615s1995 ohua 001 0 eng | ||
| 010 | _a 94022275 | ||
| 020 | _a0891345752 | ||
| 040 |
_aDLC _cDLC _dDLC |
||
| 050 | 0 | 0 |
_aND1535 _b.K56 1995 |
| 082 | 0 | 0 |
_a751.4/26 _220 |
| 100 | 1 |
_aKilleen, Earl Grenville, _d1949- |
|
| 245 | 1 | 4 |
_aThe North Light Book of acrylic painting techniques / _cEarl Grenville Killeen with Leah Raechel Killeen. |
| 250 | _a1st ed. | ||
| 260 |
_aCincinnati, Ohio : _bNorth Light Books, _cc1995. |
||
| 300 |
_a135 p. : _bcol. ill. ; _c29 cm. |
||
| 500 | _aIncludes index. | ||
| 650 | 0 |
_aAcrylic painting _xTechnique. |
|
| 700 | 1 | _aKilleen, Leah Raechel. | |
| 740 | 0 | _aAcrylic painting techniques. | |
| 906 |
_a7 _bcbc _corignew _d1 _eocip _f19 _gy-gencatlg |
||
| 942 |
_2lcc _cBOOKS _hND 1535 .K56 1995 |
||